000 00294nam a2200121Ia 4500
008 190216s9999||||xx |||||||||||||| ||und||
100 _aGokhale B K
245 0 _aHistory Of Modern World
260 _bHimalaya Publishing House
_c1982
300 _a543p
650 _aWorld History
942 _cBK
999 _c19715
_d19715